Crafting (Minecraft) - Statistics

General Stats
  • This quiz has been taken 259 times
  • The average score is 11 of 23
Answer Stats
Hint Answer % Correct
3 Blocks of Iron + 4 Iron Ingots Anvil
93%
7 Sticks Ladder
76%
3 Sticks + 3 String Bow
75%
3 Sticks + 2 String Fishing Rod
73%
2 Diamonds + 4 Obsidian + 1 Book Enchantment Table
70%
4 Blocks of Wood Crafting Table
64%
4 Wooden planks + 2 sticks Fence
64%
1 Stick + 1 Cobblestone Lever
64%
8 Golden Ingots + 1 Apple Golden Apple
63%
5 Glass + 1 Nether Star + 3 Obsidian Beacon
55%
1 Pumpkin + 1 Sugar + 1 Egg Pumpkin Pie
53%
8 Golden Blocks + 1 Apple (pre Removal) Enchanted Golden Apple
52%
1 Tripwire Hook + Chest Trapped Chest
48%
1 Blaze Rod + 3 Cobblestone Brewing Stand
45%
2 Stone Pressure Plate
39%
4 Sticks + 2 Blocks of Wood Fence Gate
38%
4 Sand + 4 Gravel + Light Blue Dye Light Blue Concrete Powder
32%
8 Wooden Planks + 1 Redstone Dust Noteblock
29%
3 Glass + 3 Quartz + 3 Wooden Slabs Daylight Sensor
27%
2 Iron Ingots + 2 Redstone Torches + 1 Redstone Dust + 1 Stone Redstone Repeater
23%
1 Iron Ingot + 1 Stick + 1 Cobblestone Tripwire Hook
19%
2 Gold ingots Weighted Pressure Plate (Heavy)
3%
2 Iron Ingots Weighted Pressure Plate (Light)
3%
No matching quizzes found
Score Distribution
Percent of People with Each Score
Percentile by Number Answered
Your Score History
You have not taken this quiz